LDR 01031naa#a2200169#i#450# 001 RU\\bibl\123379 005 20260705182335.7 011 ## _a1994-4683 100 ## _a20230731b2023####ek#y0rusy0150####ca 102 ## _aRU 200 1# _aРАДИООРИЕНТИРОВАНИЕ КАК СРЕДСТВО ОЗДОРОВИТЕЛЬНОГО ФИЗИЧЕСКОГО ВОСПИТАНИЯ ДЕТЕЙ _eЖурнальная статья 210 1# _aМосква _cНациональный государственный Университет физической культуры, спорта и здоровья им. П.Ф. Лесгафта _d2023 215 ## _a4 с. 608 ## _aЖурнальная статья _2local 675 ## _aОбщие вопросы организации. Регулирование.Положения. Формальности. Спортивная деятельность, например судейство. 796.06 _z 700 #1 _aЗеленский _gКонстантин Григорьевич 856 4# _auchzapiski.lesgaft.spb.ru _u